000 00311nam a2200109Ia 4500
008 171211s9999 xx 000 0 und d
245 _aOrigins: The Search for Our Prehistoric Past
245 _cFrank H. T. Rhodes
260 _c2016
650 _xBiology
856 _uhttp://down.ebook777.com/062/1501702440.pdf
999 _c350405
_d350405